000 00856nam a2200241 a 4500
999 _c355134
_d355134
003 BLK
005 20250122135852.0
008 200416b bu ||||| |||| 00| 0 bu d
040 _aBLK
041 _aBUL
_cBUL
080 _aФотографска техника и процеси. Вж и 771
_b77.02
_x(035)
_z77.02(035)
139 _bФ 74
245 _aФотография без учител
_bРъководство
260 _9405174
_aРусе
_bБр. Елиезер
_fСт. Ив. Роглев
_cБ. г.
300 _a32 с.
_bс ил.
_c16 см
380 _a7
650 0 _9258492
_aФотография - наръчници и ръководства
653 7 _9199488
_aфотография
653 7 _9195943
_aръководства
942 _cKNG
_n0
_s1
_01
944 _c2020-04-16
_k30558
_lВаля Йорданова
999 _d355134